MARC

LEADER 00000nam0a2200000 4500
001 195323
005 20231101224625.0
035 |a (RuTPU)RU\TPU\book\213066 
035 |a RU\TPU\tpu\6761 
090 |a 195323 
100 |a 20110505d1907 k y0rusy50 ca 
101 0 |a rus 
102 |a RU 
105 |a a j 000zy 
200 1 |a Детали машин  |e 1906-1907  |f И. И. Бобарыков  |g Томский технологический институт (ТТИ) Императора Николая II 
205 |a 2-е изд. 
210 |a Томск  |c Паровая типо-лит. П. И. Макушина  |d 1907 
215 |a 642, 110 с.  |c черт. 
300 |a Литогр. изд. 
300 |a Текст в русской дореформенной орфографии 
316 |5 63413507: ШкА/164  |a Владельческий переплет ТТИ 
488 1 |0 (RuTPU)RU\TPU\book\375266  |t Атлас чертежей к "Деталям машин"  |o 1906-1907  |f И. И. Бобарыков  |g Томский технологический институт (ТТИ) Императора Николая II  |c Томск  |n Паровая типо-лит. П. И. Макушина  |d 1907  |p 95 л.  |a Бобарыков, Иван Иванович 
606 1 |a Детали машин  |2 stltpush  |3 (RuTPU)RU\TPU\subj\9144  |9 36422 
610 1 |a машиностроение 
610 1 |a труды учёных ТПУ 
610 1 |a машиноведение 
610 1 |a резание 
610 1 |a учебные пособия 
610 1 |a металлы 
610 1 |a обработка 
610 1 |a коллекция ТПУ 
610 1 |a владельческие знаки 
675 |a 621.81(075.8)  |v 3 
700 1 |a Бобарыков  |b И. И.  |c русский ученый в области сопротивления материалов и деталей машин  |c директор Томского технологического института (1916-1919)  |f 1869-1928  |g Иван Иванович  |2 stltpush  |3 (RuTPU)RU\TPU\pers\21827 
712 0 2 |a Томский технологический институт (ТТИ)  |c (1896-1923)  |2 stltpush  |3 (RuTPU)RU\TPU\col\9244 
801 0 |a RU  |b 63413507  |c 20011210  |g PSBO 
801 2 |a RU  |b 63413507  |c 20191223  |g PSBO 
942 |c BK